• 首页
  • 本馆介绍
  • 公告通知
  • 最新文献
  • 馆藏检索
  • 电子资源
  • 读者导购
  • 参考咨询
  • 我的图书馆
  • 登录
  • 详细信息显示
  • 放入我的书架
  • 预约/预借图书
  • 作者相关作品
  • 分类相关作品
  • 丛书相关作品
  • 出版社相关作品

书目信息

  • 表格格式
  • 工作单格式
  • 卡片格式
题名:
当代青少年行为教育研究
    
 
作者: 黄建华 著
分册:  
出版信息: 北京   九州出版社  2018.06
页数: 168页
开本: 24cm
丛书名:
单 册:
中图分类: G775
科图分类:
主题词: 青少年教育--行为--研究
电子资源:
ISBN: 978-7-5108-5708-9
000 00920nam0 2200241 450
001 0103152709
005 20201103152734.0
010    @a978-7-5108-5708-9@dCNY36.00
100    @a20181129d2018 em y0chiy50 ea
101 0  @achi
102    @aCN@b110000
105    @ay z 000yy
106    @ar
200 1  @a当代青少年行为教育研究@Adang dai qing shao nian xing wei jiao yu yan jiu@f黄建华著
210    @a北京@c九州出版社@d2018.06
215    @a168页@d24cm
300    @a西南大学与巫溪县教委合作项目
330    @a本书提出开展立体式行为教育构想,目的在于重塑孩子们的世界观、人生观、价值观及对事物认知的好习惯、好性格、好行为,注重提高其自信力、抗错力和与他人交流的沟通能力、心理自我调节能力,让他们在成长航程的关键时期能走好青春第一步。
606 0  @a青少年教育@x行为@x研究
690    @aG775@v5
701  0 @a黄建华@Ahuang jian hua@c(女,@f1981-)@4著
801  0 @aCN@bBJSZM@c20201103
905    @b1258906-10@dG775@e33@f5
    
    当代青少年行为教育研究/黄建华著.-北京:九州出版社,2018.06
    168页;24cm
    西南大学与巫溪县教委合作项目
    
    ISBN 978-7-5108-5708-9:CNY36.00
    本书提出开展立体式行为教育构想,目的在于重塑孩子们的世界观、人生观、价值观及对事物认知的好习惯、好性格、好行为,注重提高其自信力、抗错力和与他人交流的沟通能力、心理自我调节能力,让他们在成长航程的关键时期能走好青春第一步。
●
相关链接 在E读中查询图书 在五车中查询图书 在当当中查询图书 在豆瓣中查询图书


正题名:当代青少年行为教育研究     索取号:G775/33         预约/预借

序号 登录号 条形码 馆藏地/架位号 状态 备注
1 1258906   212589064   第一样本阅览室/ [索取号:G775/33] 在馆    
2 1258907   212589073   教育系资料室/ [索取号:G775/33] 在馆    
3 1258908   212589082   教育系资料室/ [索取号:G775/33] 在馆    
4 1258909   212589091   第四借阅区/ [索取号:G775/33] 在馆    
5 1258910   212589108   第四借阅区/ [索取号:G775/33] 在馆    
唐山师范学院图书馆 欢迎您!
大连网信软件有限公司© 版权所有